Microeconometrics with R (Record no. 1715124)
[ view plain ]
| 000 -LEADER | |
|---|---|
| fixed length control field | 00471 a2200181 4500 |
| 005 - DATE AND TIME OF LATEST TRANSACTION | |
| control field | 20260319122036.0 |
| 008 - FIXED-LENGTH DATA ELEMENTS--GENERAL INFORMATION | |
| fixed length control field | 260319b |||||||| |||| 00| 0 eng d |
| 020 ## - INTERNATIONAL STANDARD BOOK NUMBER | |
| International Standard Book Number | 9780367554460 |
| 040 ## - CATALOGING SOURCE | |
| Transcribing agency | SDCL |
| 041 ## - LANGUAGE CODE | |
| Source of code | eng |
| Language code of text/sound track or separate title | eng |
| 084 ## - COLON CLASSIFICATION NUMBER | |
| Classification number | X:(B) R5 |
| 100 ## - MAIN ENTRY--PERSONAL NAME | |
| Personal name | Croissant, Yves |
| 245 ## - TITLE STATEMENT | |
| Title | Microeconometrics with R |
| 260 ## - PUBLICATION, DISTRIBUTION, ETC. | |
| Place of publication, distribution, etc. | Boca raton : |
| Name of publisher, distributor, etc. | Routledge, |
| Date of publication, distribution, etc. | 2025. |
| 300 ## - PHYSICAL DESCRIPTION | |
| Extent | xxii, 494p. |
| 490 ## - SERIES STATEMENT | |
| Series statement | A Chapman and Hall/CRC The R |
| 942 ## - ADDED ENTRY ELEMENTS (KOHA) | |
| Koha item type | Textual |
| Source of classification or shelving scheme | Colon Classification (CC) |
| 100 ## - MAIN ENTRY--PERSONAL NAME | |
| -- | 1132540 |
| 999 ## - | |
| -- | 1715124 |
| -- | 1715124 |
| Withdrawn status | Lost status | Source of classification or shelving scheme | Damaged status | Not for loan | Home library | Current library | Date acquired | Source of acquisition | Cost, normal purchase price | Inventory number | Total checkouts | Full call number | Barcode | Date last seen | Cost, replacement price | Price effective from | Koha item type |
|---|---|---|---|---|---|---|---|---|---|---|---|---|---|---|---|---|---|
| Colon Classification (CC) | South Campus Library | South Campus Library | 2026-03-11 | 58 | 8634.00 | 71131 & 09/12/2025 | X:(B) R5 | SC1809505 | 2026-03-11 | 10792.50 | 2026-03-11 | Textual |
